|
|
|
|
| LEADER |
01288nam a2200313 a 4500 |
| 001 |
5364 |
| 003 |
BD-DhAAL |
| 005 |
20150205102801.0 |
| 008 |
150205s1998 ctu b 001 0 eng |
| 010 |
|
|
|a 97014228
|
| 020 |
|
|
|a 1565490754 (cloth : alk. paper)
|
| 020 |
|
|
|a 1565490746 (pbk. : alk. paper)
|
| 040 |
|
|
|a DLC
|c DLC
|d DLC
|d BD-DhAAL
|
| 050 |
0 |
0 |
|a HC59.7
|b .F545 1998
|
| 082 |
0 |
0 |
|a 338.9/009172/4
|2 21
|
| 100 |
1 |
|
|a Fisher, Julie,
|d 1941-
|9 7982
|
| 245 |
1 |
0 |
|a Nongovernments :
|b NGOs and the political development of the Third World /
|c Julie Fisher.
|
| 260 |
|
|
|a West Hartford, Conn. :
|b Kumarian Press,
|c 1998.
|
| 300 |
|
|
|a xii, 237 p. ;
|c 24 cm.
|
| 440 |
|
0 |
|a Kumarian Press books on international development
|9 7983
|
| 490 |
|
|
|a Kumarian Press books on international development
|
| 504 |
|
|
|a Includes bibliographical references (p. 193-225) and index.
|
| 541 |
|
|
|e 5364
|
| 650 |
|
0 |
|a Non-governmental organizations
|z Developing countries.
|9 7984
|
| 650 |
|
0 |
|a Sustainable development
|z Developing countries.
|9 7985
|
| 650 |
|
0 |
|a Democracy
|z Developing countries.
|9 7986
|
| 942 |
|
|
|2 ddc
|c BK
|
| 999 |
|
|
|c 33590
|d 33590
|
| 952 |
|
|
|0 0
|1 0
|2 ddc
|4 0
|6 338_900917240000000_FIS
|7 0
|9 52471
|a SCL
|b SCL
|c GEN
|d 2015-02-05
|l 1
|m 2
|o 338.90091724 FIS
|p 3020005364
|r 2017-04-02
|s 2017-03-13
|t 1
|w 2015-02-05
|y BK
|